[Event "Pan American-ch School U15 12th"]
[Site "Callao"]
[Date "2023.10.17"]
[Round "3"]
[White "Uchasara Apolinario, Josue Yoni"]
[Black "Morales Limaymanta, Leonel Samir"]
[Result "1-0"]
[WhiteElo "1295"]
[BlackElo "1101"]
[PlyCount "133"]
[EventDate "2023.10.16"]
[EventType "swiss"]
[EventRounds "9"]
[EventCountry "PER"]
[SourceTitle "Mega2024 Update 01"]
[Source "Chessbase"]
[SourceDate "2023.11.12"]
[SourceVersion "1"]
[SourceVersionDate "2023.11.12"]
[SourceQuality "1"]

1. e4 e6 2. d4 d5 3. exd5 exd5 4. c4 c6 5. Nf3 Bd6 6. Nc3 Ne7 7. Be2 Bg4 8. cxd5 cxd5 9. Qb3 Qd7 10. 0-0 a6 11. Kh1 Be6 12. Rd1 Nbc6 13. Qc2 Rc8 14. Be3 Nb4 15. Qd2 h6 16. a3 Nbc6 17. Na4 Qd8 18. Nc5 Bxc5 19. dxc5 Na5 20. Nd4 Bd7 21. b4 Nac6 22. Qb2 0-0 23. a4 Nf5 24. Nxf5 Bxf5 25. b5 axb5 26. axb5 Ne7 27. Ra7 Rc7 28. b6 Rd7 29. Bb5 Nc6 30. Bxc6 bxc6 31. Rda1 Rxa7 32. bxa7 Qa8 33. Bf4 Kh7 34. Bb8 Bd3 35. h3 Bb5 36. Qe5 d4 37. Bd6 Re8 38. Qxe8 Qxe8 39. a8Q Qxa8 40. Rxa8 d3 41. Bf4 g5 42. Bd2 Kg6 43. Rb8 Ba4 44. Rh8 f6 45. f4 gxf4 46. Bxf4 h5 47. g3 Bb3 48. Kg1 Bd5 49. Kf2 Bf7 50. Rc8 Bd5 51. Rd8 Bc4 52. Ke3 Kf5 53. Rd6 Bb5 54. g4+ hxg4 55. hxg4+ Kxg4 56. Rxf6 d2 57. Rg6+ Kf5 58. Rg5+ Kf6 59. Kxd2 Ke6 60. Kc3 Kd7 61. Rg6 Ba4 62. Rd6+ Kc8 63. Kb4 Bb5 64. Ka5 Kb7 65. Rd7+ Kc8 66. Rc7+ Kb8 67. Kb6 1-0